| 000 | 01287nkm0a2200301 4500 | ||
|---|---|---|---|
| 001 | RU\NLR\BIBL_A\022603329 | ||
| 005 | 20260322044604.0 | ||
| 010 |
_a978-5-04-196856-4 _93000 |
||
| 035 | _a(NLR Aleph) 022603329 | ||
| 090 |
_a13635243 _c13635243 |
||
| 100 | _a20250818d2024 u y0rusy50 ca | ||
| 101 | 0 | _arus | |
| 102 | _aRU | ||
| 116 | _adiycxx zz zz | ||
| 181 | 0 |
_ab4 _bxb2e |
|
| 182 | 0 | _an | |
| 200 | 1 |
_aВ тени Луны _eисцеляющие стихи и открытки для проработки темной стороны феминности _eнабор из 20 метафорических карт-открыток _fБуваева Б., Андиколовская Е. |
|
| 203 |
_aИзображение _bнеподвижное _bдвухмерное _bвизуальное _cнепосредственное |
||
| 210 |
_aМосква _cЭксмо _d2024 |
||
| 215 |
_a1 кор. ([20] отд. л.) _cцв. ил. _d14х10 |
||
| 225 | 1 | _aМетафорические карты. Моделируем будущее | |
| 333 | _a16+ | ||
| 702 | 1 |
_aБуваева _bБ. _4220 |
|
| 702 | 1 |
_aАндиколовская _cЕ. _4220 |
|
| 942 | _cVISUAL | ||
| 980 | _aNB | ||